00546pam a2200181 a 4500020000500000040002500005041001300030082001700043100002300060245005000083260003000133300001100163365001200174653003400186930000900220999001500229952012000244 c aMedical College Lib. aENGhENG a616.861bROS aRosalki, S. B. . aClinical Biochemistry / chTextual Documents a : bChurchill , c1984. a305:c a1050=00 aBiochemistryaMedical Science a3581 c3580d3580 00104070aMCPbMCPd1989-07-19eS. K. KOTHARIl0o616.861 ROSpMCP-0361r2023-02-06 00:00:00t1w2023-02-06yBK